banner-ar

كل الناس أخوة : (Record no. 40040)

MARC details
000 -الفاتح
حقل البيانات ثابتة الطول 00721nam a2200217Ia 4500
008 - عناصر البيانات ثابتة الطول - معلومات عامة
حقل البيانات ثابتة الطول 140319s9999 xx 000 0 ara d
040 ## - مصدر الفهرسة
وكالة الفهرسة الأصلية GCL /
وكالة النسخ GCL
082 04 - رقم تصنيف ديوى العشرى
رقم التصنيف 923.1
رقم المادة ك ك
100 1# - المدخل الرئيسى - إسم شخصى
الإسم الشخصى يونس شاهين
245 10 - بيان العنوان
العنوان كل الناس أخوة :
بقية العنوان حياه المهاتما غاندى واراؤه كما رواها /
بيان المسئوليه,etc يونس شاهين
700 1# - المدخل الاضافى - اسم شخصى
الإسم الشخصى كريبالانى , كريشنا
700 1# - المدخل الاضافى - اسم شخصى
الإسم الشخصى رادها كريشتان، سرفيا
260 ## - PUBLICATION, DISTRIBUTION, ETC. (IMPRINT)
تاريخ النشر أو التوزيع 1969
300 ## - الوصف المادى
التعداد 313 ص:
تفاصيل ماديه اخرى للوعاء ايض ؛
أبعاد الوعاء 20 سم
490 ## - بيان السلسلة
عنوان السلسلة
650 04 - المدخل الاضافى بالموضوع-مصطلح موضوعى
مصطلح موضوعي الهند
650 04 - المدخل الاضافى بالموضوع-مصطلح موضوعى
مصطلح موضوعي غاندى
650 04 - المدخل الاضافى بالموضوع-مصطلح موضوعى
مصطلح موضوعي الزعماء - تراجم
942 ## - عناصر المدخل الإضافي( كوها)
مصدر التصنيف او مخطط الترفيف Dewey Decimal Classification
Koha [default] item type كتاب
260 ## - PUBLICATION, DISTRIBUTION, ETC. (IMPRINT)
-- القاهرة :
-- دار الكاتب العربى ،
Holdings
حالة التراجع حالة الفقد حالة تلف ليس للاعارة المكان المؤقت الموقع الحالى تاريخ الاكتساب اجمالي اﻻعارات رقم الطلب الباركود تاريخ اخر مشاهدة تاريخ تفعيل السعر نوع وعاء كوها
        مكتبة القاهرة الكبرى مكتبة القاهرة الكبرى 03/26/2014   923.1\ك ك 97409 03/26/2014 03/26/2014 كتاب
        مكتبة القاهرة الكبرى مكتبة القاهرة الكبرى 03/26/2014   923.1\ك ك 97410 03/26/2014 03/26/2014 كتاب

Powered By

EGPV